| 000 | 00634nam a2200205Ia 4500 | ||
|---|---|---|---|
| 003 | IN-BaIIA | ||
| 008 | 211028s9999 xx 000 0 eng d | ||
| 040 | _cIIA Library | ||
| 080 |
_a(05)52 _bANN-3 |
||
| 245 | 0 |
_aAnnual review of astronomy and astrophysics _bvol. 3 _cedited by Leo Goldberg |
|
| 260 |
_aPalo Alto _bAnnual Reviews _c1965 |
||
| 300 | _avii, 438p. | ||
| 650 | _aAstronomy and astrophysics thesaurus | ||
| 650 |
_aAstronomy Periodicals _94087 |
||
| 650 |
_aAstrophysics - Periodicals _94088 |
||
| 700 |
_aDeutsch, A.J. ed. _94747 |
||
| 700 |
_aGoldberg, Leo ed. _94090 |
||
| 700 |
_aLayzer, D. ed. _94748 |
||
| 942 | _cBK | ||
| 999 |
_c2664 _d2664 |
||